00825nam a22002177a 4500999001900000082002300019100001800042245014300060260008000203300001500283502000900298650002200307650001400329650001700343650002800360650001300388700002700401856005700428942001200485952011000497 c291437d291437 a635.6bANJ/DE Ph.D aAnju M Sunny aDevelopment of gynoecious genotypes with superior fruit quality in bitter gourd (Momordica Charantia L.) through marker assisted breeding aVellanikkarabDepartment of Vegetable Science, College of Agriculturec2023 a145,xviip. aPh.D aVegetable Science aGenotypes aBitter gourd aMomordica Charantia L. aBreeding aPradeepkumar, T(Guide) uhttps://krishikosh.egranth.ac.in/handle/1/5810220377 2ddccTH 001040718THaKAUCLVbKAUCLVcTHESESd2024-07-15l0o635.6 ANJ/DE Ph.Dp176064r2024-07-15 00:00:00yTH